Truyện cổ tích thế tục Việt Nam

Giới thiệu bộ sưu tập về truyện cổ tích thế tục người thiểu số; truyện về quan hệ gia đình, quan hệ ngoài phạm vi gia đình

Đã lưu trong:
书目详细资料
格式: 图书
语言:Undetermined
出版: Hà Nội Sân khấu 2016
主题:
标签: 添加标签
没有标签, 成为第一个标记此记录!
Thư viện lưu trữ: Trung tâm Học liệu Trường Đại học Cần Thơ
LEADER 00797nam a2200181Ia 4500
001 CTU_217018
008 210402s9999 xx 000 0 und d
082 |a 398.209597 
082 |b Tr527/Q.3 
245 0 |a Truyện cổ tích thế tục Việt Nam 
245 0 |c Triều Nguyên (sưu tập, giới thiệu) 
260 |a Hà Nội 
260 |b Sân khấu 
260 |c 2016 
520 |a Giới thiệu bộ sưu tập về truyện cổ tích thế tục người thiểu số; truyện về quan hệ gia đình, quan hệ ngoài phạm vi gia đình 
650 |a Văn học dân gian, Việt Nam,Folk literature, Vietnamese 
904 |i Thủy Tiên (Nguyên) 
980 |a Trung tâm Học liệu Trường Đại học Cần Thơ